000 01089nam a2200337 4500
001 20883
003 BD-RjUL
005 20211209000626.0
008 140302s1970 nyu b 001 0 engmd
020 _a0710065949
035 _aMITb10035050
035 _a(OCoLC)00090083
_a(BD-RjUL)20945
035 _aGLIS00035050
040 _aDLC
_cDLC
_dm.c.
_dBD-RjUL
_beng
041 _aeng
082 _a821.7
_bCOL 1970
090 _aPR4484
_b.J29
099 _aPR4484.J29
245 1 0 _aColeridge : the critical heritage /
_cEdited by J. R. de J. Jackson.
260 _aNew York :
_aLondon :
_bRoutledge and Kegan Paul,
_c1970.
300 _axiii, 660 p. ;
_c23 cm.
490 1 _aCritical heritage series
500 _aIncludes index.
504 _aBibliography: p. 652.
600 1 0 _aColeridge, Samuel Taylor,
_d1772-1834
_xCriticism and interpretation.
_964500
650 _aColeridge, Samuel Taylor, 1772-1834 Criticism and interpretation
_964497
700 _aJackson, J. R. de J.
_964498
830 0 _aCritical heritage series.
_964501
942 _2ddc
_cBK
999 _c20883
_d20883